[Event "Superbet Poland Rapid & Blitz"]
[Site "Warsaw POL"]
[Date "2024.05.10"]
[Round "7"]
[White "Vincent Keymer"]
[Black "A Giri"]
[Result "1/2-1/2"]
[EventDate "2024.05.08"]
[WhiteElo "2726"]
[BlackElo "2745"]
[PlyCount "228"]

1. d4 Nf6 2. Nf3 d5 3. e3 c5 4. Be2 Nc6 5. c3 e6 6. O-O h6 7. a3 a6 8. Nbd2 cxd4 9. exd4 Bd6 10. Re1 O-O 11. Bd3 Qc7 12. Qe2 Nd7 13. c4 dxc4 14. Nxc4 Be7 15. Nce5 Ncxe5 16. dxe5 Rd8 17. Qe4 Nf8 18. Be3 Qc6 19. Rac1 Qxe4 20. Bxe4 a5 21. Rc7 Rd7 22. Rc2 Rd8 23. Rec1 Nd7 24. Rc7 Rb8 25. Nd4 Bf8 26. f4 Nb6 27. Nxe6 Bxe6 28. Bxb6 g6 29. Bxa5 b6 30. Be1 Bc5+ 31. Bf2 Bxf2+ 32. Kxf2 Rd2+ 33. Ke3 Rxb2 34. R1c2 Rb3+ 35. R7c3 Rxc3+ 36. Rxc3 b5 37. Rc6 Kg7 38. h3 h5 39. Rd6 b4 40. axb4 Rxb4 41. Bd5 Bxd5 42. Rxd5 Rb2 43. Rd2 Rb3+ 44. Rd3 Rb2 45. Kf3 Rb4 46. Kg3 Re4 47. Rd7 Kg8 48. Rd6 Kg7 49. Rf6 Re2 50. Ra6 Re4 51. Rb6 Re2 52. Rb7 Re4 53. Kf3 Re1 54. Rb2 Ra1 55. Re2 Ra3+ 56. Re3 Ra2 57. g4 hxg4+ 58. hxg4 Ra4 59. Rb3 Kf8 60. Kg3 Re4 61. Rb8+ Ke7 62. Rb5 Ke6 63. Kf3 Re1 64. Ra5 Rf1+ 65. Kg3 Ke7 66. Ra4 Rh1 67. Ra8 Rf1 68. Rb8 Ke6 69. Rb6+ Ke7 70. Ra6 Kf8 71. Rf6 Kg7 72. Kh4 Ra1 73. Kg5 Ra5 74. Rb6 Rc5 75. Ra6 Rb5 76. Ra7 Rc5 77. Re7 Ra5 78. Kh4 Ra4 79. Kg5 Ra5 80. Rc7 Rb5 81. Rd7 Ra5 82. Kh4 Ra4 83. Kg3 Ra3+ 84. Kf2 Kf8 85. Rc7 Rb3 86. Rc4 Ke7 87. Rd4 Ke6 88. Ke2 Rg3 89. Rd6+ Ke7 90. g5 Kf8 91. Rd3 Rg2+ 92. Kf3 Ra2 93. Ke4 Ra4+ 94. Rd4 Ra5 95. Rc4 Kg7 96. Rb4 Kf8 97. Kd4 Kg7 98. Rc4 Kf8 99. Kc3 Kg7 100. Rd4 Rc5+ 101. Kb4 Rc8 102. Kb5 Kf8 103. Rc4 Rd8 104. Kc5 Rc8+ 105. Kd5 Rd8+ 106. Ke4 Rd1 107. Ra4 Ke7 108. Rd4 Re1+ 109. Kd5 Ra1 110. Rb4 Rd1+ 111. Kc5 Rc1+ 112. Rc4 Rd1 113. Rd4 Rc1+ 114. Kd5 Re1 1/2-1/2

[Event "Superbet Poland Rapid & Blitz"]
[Site "Warsaw POL"]
[Date "2024.05.10"]
[Round "8"]
[White "Vincent Keymer"]
[Black "M Carlsen"]
[Result "0-1"]
[EventDate "2024.05.08"]
[WhiteElo "2726"]
[BlackElo "2830"]
[PlyCount "66"]

1. Nf3 Nf6 2. c4 e6 3. b3 d5 4. Bb2 Bd6 5. g3 O-O 6. Bg2 Re8 7. d4 b6 8. O-O Bb7 9. Nc3 dxc4 10. bxc4 Nbd7 11. Qc2 c5 12. d5 exd5 13. cxd5 a6 14. a4 Rb8 15. Nd2 Be5 16. e4 b5 17. axb5 axb5 18. Nxb5 Bxd5 19. Bxe5 Nxe5 20. exd5 Rxb5 21. Rfe1 c4 22. Rad1 g6 23. Ne4 Nxe4 24. Rxe4 Qb6 25. Re2 f6 26. h3 Kg7 27. Kh2 c3 28. Qa4 Nf3+ 29. Bxf3 Rxe2 30. Bxe2 Qxf2+ 31. Kh1 Qxe2 32. Qa7+ Kh6 33. Qd4 Qf3+ 0-1

[Event "Superbet Poland Rapid 2024"]
[Site "Warsaw POL"]
[Date "2024.05.09"]
[Round "6"]
[White "Rameshbabu Praggnanandhaa"]
[Black "Vincent Keymer"]
[Result "1-0"]
[EventDate "2024.05.08"]
[WhiteElo "2747"]
[BlackElo "2726"]
[PlyCount "116"]

1. e4 e5 2. Nf3 Nc6 3. Bb5 a6 4. Ba4 Nf6 5. O-O Be7 6. Bxc6 dxc6 7. d3 Nd7 8. Be3 O-O 9. Nbd2 a5 10. a4 Re8 11. Kh1 Bd6 12. Ng1 Nf8 13. Ne2 Ng6 14. Nc4 f5 15. exf5 Bxf5 16. Ng3 Qd7 17. f3 Be6 18. Ne4 Be7 19. Qe1 b6 20. Bd2 Bh4 21. Qe3 Rad8 22. b3 Bd5 23. Be1 Bxe1 24. Raxe1 Re7 25. Qg5 Bf7 26. Ne3 h6 27. Qg3 Kh8 28. Qf2 Rde8 29. Qd2 Be6 30. Qc3 Rf8 31. Nd2 Rfe8 32. Ne4 Rf8 33. Ra1 Nf4 34. Nc4 Qd4 35. Qe1 Bf5 36. Rd1 Re6 37. Ng3 Bg6 38. Qf2 Rfe8 39. Ne2 Qd8 40. Rfe1 Nd5 41. Ra1 c5 42. Ng3 Nb4 43. Qd2 Nc6 44. Re3 Qg5 45. Qf2 R6e7 46. Rae1 Bf7 47. Ne4 Qh5 48. Nc3 Nd4 49. Na3 Qg5 50. Nab5 Nc6 51. Ne4 Qh5 52. h3 Nb4 53. Nec3 Qg6 54. f4 c6 55. f5 Qh5 56. Nd6 Rd8 57. g4 Qg5 58. Nde4 1-0

[Event "Superbet Poland Rapid 2024"]
[Site "Warsaw POL"]
[Date "2024.05.09"]
[Round "4"]
[White "Nodirbek Abdusattorov"]
[Black "Vincent Keymer"]
[Result "1/2-1/2"]
[EventDate "2024.05.08"]
[WhiteElo "2766"]
[BlackElo "2726"]
[PlyCount "76"]

1. Nf3 Nf6 2. c4 e6 3. g3 d5 4. Bg2 d4 5. e3 c5 6. d3 Nc6 7. O-O h6 8. Na3 e5 9. exd4 exd4 10. Bf4 Be7 11. Ne5 Nxe5 12. Bxe5 O-O 13. Re1 a6 14. Nc2 Bd6 15. Qd2 Ra7 16. b4 b6 17. a4 Bb7 18. a5 Bxg2 19. Kxg2 b5 20. cxb5 axb5 21. bxc5 Bxc5 22. f3 Nd5 23. Bxd4 Bxd4 24. Nxd4 Qf6 25. Nb3 Rc8 26. Qf2 Rac7 27. a6 Rc2 28. Nd2 Nb4 29. Qe3 Rxd2+ 30. Qxd2 Rc2 31. Qxc2 Nxc2 32. Re8+ Kh7 33. Ra2 Nd4 34. a7 Qxf3+ 35. Kg1 Qd1+ 36. Kf2 Qf3+ 37. Kg1 Qd1+ 38. Kf2 Qf3+ 1/2-1/2

[Event "Superbet Poland Rapid 2024"]
[Site "Warsaw POL"]
[Date "2024.05.08"]
[Round "2"]
[White "Jan-Krzysztof Duda"]
[Black "Vincent Keymer"]
[Result "0-1"]
[EventDate "2024.05.08"]
[WhiteElo "2734"]
[BlackElo "2726"]
[PlyCount "92"]

1. e4 e5 2. Nf3 Nc6 3. Bb5 a6 4. Ba4 Nf6 5. O-O Be7 6. d3 b5 7. Bb3 d6 8. Bd2 a5 9. a4 b4 10. h3 O-O 11. Bg5 h6 12. Bh4 Be6 13. Bxf6 Bxf6 14. Bxe6 fxe6 15. Nbd2 Ne7 16. c3 c5 17. g3 Nc6 18. h4 g6 19. Kg2 Ra7 20. Nh2 Bg7 21. Qg4 Qe8 22. Nc4 Rd7 23. Rae1 h5 24. Qe2 Qd8 25. Nf3 Bh6 26. Ng1 Re7 27. Qc2 d5 28. Nd2 Ref7 29. Ndf3 Qd6 30. Re2 bxc3 31. bxc3 d4 32. Rb1 c4 33. Rb6 dxc3 34. dxc4 Bd2 35. Rxc6 Qxc6 36. Nxd2 cxd2 37. Qxd2 Qxa4 38. Qg5 Rf6 39. f4 Qxc4 40. Qxe5 a4 41. Re3 R6f7 42. Rc3 Qa2+ 43. Kh3 Qa1 44. Nf3 a3 45. Qxe6 Qxc3 46. Ne5 Qe1 0-1

[Event "Superbet Poland Rapid 2024"]
[Site "Warsaw POL"]
[Date "2024.05.08"]
[Round "3"]
[White "Vincent Keymer"]
[Black "Kirill Shevchenko"]
[Result "0-1"]
[EventDate "2024.05.08"]
[WhiteElo "2726"]
[BlackElo "2677"]
[PlyCount "166"]

1. c4 e6 2. Nf3 d5 3. e3 Nf6 4. b3 c5 5. Bb2 Nc6 6. cxd5 exd5 7. Be2 d4 8. exd4 cxd4 9. Bb5 Bc5 10. Qe2+ Be6 11. Bxc6+ bxc6 12. Qe5 Bd6 13. Qxd4 O-O 14. O-O Bd5 15. Qh4 Bxf3 16. Bxf6 Qxf6 17. Qxf6 gxf6 18. gxf3 Be5 19. Nc3 Rfd8 20. Rad1 Rd3 21. Rfe1 Rad8 22. Ne4 Rxf3 23. Rc1 Bd4 24. Kg2 Rf4 25. f3 c5 26. Nxc5 Be5 27. Ne4 Kh8 28. Ng3 h5 29. Nf1 Bd4 30. Ne3 Bb6 31. Rc2 Rg8+ 32. Kf2 Rh4 33. Rh1 f5 34. Ke2 Re8 35. Kf1 Rf4 36. Kf2 Rb4 37. Kg2 Rg8+ 38. Kf1 Rf4 39. Ke2 Re8 40. Rc3 Rd4 41. Rhc1 f4 42. Rc8 Rdd8 43. Rxd8 Bxd8 44. Rc8 fxe3 45. dxe3 Kg7 46. e4 Rg8 47. Rc5 h4 48. f4 Kf8 49. Kf3 Rg1 50. a4 Rf1+ 51. Kg4 Rf2 52. Rh5 Rxh2 53. Rh8+ Ke7 54. Rxh4 f5+ 55. exf5 Rxh4+ 56. Kxh4 a5 57. Kg5 Kf7+ 58. f6 Bxf6+ 59. Kf5 Bc3 60. Kg5 Bb4 61. Kf5 Bd6 62. Ke4 Kf6 63. f5 Bb4 64. Kf4 Bc3 65. Ke4 Be1 66. Kf4 Ke7 67. Ke5 Bc3+ 68. Kd5 Kd7 69. Kc4 Be1 70. Kd5 Bb4 71. Ke5 Bc5 72. Kd5 Bd6 73. Kc4 Kc6 74. Kd4 Bf8 75. f6 Bb4 76. Ke5 Kd7 77. Kd5 Ke8 78. Ke6 Kf8 79. Kf5 Kf7 80. Ke5 Bc3+ 81. Kf5 Bxf6 82. b4 axb4 83. Ke4 Bd8 0-1

[Event "Bundesliga 2023-24"]
[Site "GER"]
[Date "2024.02.25"]
[Round "11.3"]
[White "Vincent Keymer"]
[Black "Stepan Zilka"]
[Result "1-0"]
[EventDate "2023.10.21"]
[WhiteElo "2738"]
[BlackElo "2599"]
[PlyCount "66"]

1. d4 d5 2. c4 e6 3. Nc3 Nf6 4. Nf3 c5 5. e3 Nc6 6. cxd5 exd5 7. Bb5 Bd6 8. dxc5 Bxc5 9. O-O O-O 10. b3 a6 11. Bxc6 bxc6 12. Bb2 Bd6 13. Rc1 c5 14. Na4 Ne4 15. Nd2 Qc7 16. Nxe4 dxe4 17. Qh5 f5 18. Nxc5 Bxc5 19. Bd4 Qf7 20. Qxf7+ Rxf7 21. Rxc5 Bd7 22. Rfc1 h6 23. h4 g5 24. Rd5 gxh4 25. Rd6 Kh7 26. Rc7 Be8 27. Rc5 Bd7 28. Kh2 h3 29. Kxh3 f4+ 30. Kh2 Rg8 31. Rc7 Be8 32. Rxf7+ Bxf7 33. exf4 1-0

[Event "Bundesliga 2023-24"]
[Site "GER"]
[Date "2024.02.24"]
[Round "10.4"]
[White "Parham Maghsoodloo"]
[Black "Vincent Keymer"]
[Result "1-0"]
[EventDate "2023.10.21"]
[WhiteElo "2707"]
[BlackElo "2717"]
[PlyCount "136"]

1. d4 Nf6 2. c4 e6 3. Nf3 d5 4. g3 dxc4 5. Bg2 Bb4+ 6. Bd2 a5 7. Qc1 Bxd2+ 8. Qxd2 c6 9. a4 b5 10. axb5 cxb5 11. Qg5 O-O 12. Qxb5 Ba6 13. Qc5 Nbd7 14. Qa3 Bb7 15. Nbd2 Nb6 16. O-O Ne4 17. Nb1 Nd5 18. Rc1 Nb4 19. Rxc4 Nd6 20. Rc5 Ne4 21. Rc1 e5 22. Qe3 exd4 23. Qxd4 Qb8 24. Nc3 Re8 25. Nxe4 Bxe4 26. Qc5 Ra6 27. Nd4 Bxg2 28. Kxg2 g6 29. Kg1 Rd6 30. Qc4 Qb6 31. e3 Rb8 32. b3 Rd5 33. Qc7 Rb7 34. Qf4 Rc5 35. Rxc5 Qxc5 36. Qe4 Ra7 37. h4 h5 38. Rd1 Re7 39. Qa8+ Kg7 40. Nf3 Qc6 41. Rd8 Qxa8 42. Rxa8 Nc6 43. Ra6 Rc7 44. Kf1 Kf8 45. Nd2 Ke7 46. Nc4 Kd7 47. Ke2 Ke8 48. Kd2 Rd7+ 49. Kc3 Rc7 50. Kd2 Rd7+ 51. Ke2 Rc7 52. Nxa5 Ne5 53. f4 Ng4 54. Nc4 Kf8 55. e4 Rb7 56. Ra3 Nf6 57. Nd6 Rb4 58. e5 Nd5 59. Kd3 Ke7 60. Ra4 Rb8 61. Kd4 Ke6 62. Ra6 Nb4 63. Ra4 Nc2+ 64. Kd3 Nb4+ 65. Kc4 Nd5 66. Ra6 Nb4 67. Ra7 f6 68. Rg7 1-0

[Event "Bundesliga 2023-24"]
[Site "GER"]
[Date "2024.02.23"]
[Round "9.3"]
[White "Vincent Keymer"]
[Black "Sergey Grigoriants"]
[Result "1-0"]
[EventDate "2023.10.21"]
[WhiteElo "2717"]
[BlackElo "2562"]
[PlyCount "68"]

1. c4 e5 2. d3 Nf6 3. Nf3 Bb4+ 4. Bd2 Bxd2+ 5. Qxd2 d6 6. h3 Nc6 7. Nc3 h6 8. e3 Bf5 9. O-O-O Bh7 10. g4 d5 11. g5 hxg5 12. Nxg5 Bg6 13. cxd5 Nxd5 14. Rg1 Rh6 15. Bg2 Ncb4 16. Be4 Qd6 17. Nxd5 Nxd5 18. d4 Nb4 19. Bxg6 Rxg6 20. a3 Nc6 21. Ne4 Qd5 22. Rxg6 fxg6 23. Nc3 Qf3 24. d5 O-O-O 25. Qc2 Ne7 26. Nb5 c6 27. d6 Nf5 28. Qc4 Qxf2 29. Qe6+ Kb8 30. Qf7 Qxe3+ 31. Kb1 Qb6 32. Qc7+ Ka8 33. d7 Ne7 34. Qxb6 1-0

[Event "Bundesliga 2023-24"]
[Site "GER"]
[Date "2024.01.14"]
[Round "6.8"]
[White "Pouya Idani"]
[Black "Vincent Keymer"]
[Result "1/2-1/2"]
[EventDate "2023.10.21"]
[WhiteElo "2633"]
[BlackElo "2717"]
[PlyCount "72"]

1. e4 e5 2. Nf3 Nc6 3. Bb5 a6 4. Ba4 Nf6 5. O-O Be7 6. Re1 b5 7. Bb3 O-O 8. a4 b4 9. d4 d6 10. dxe5 Nxe5 11. Nbd2 a5 12. Nxe5 dxe5 13. Nf1 Qxd1 14. Rxd1 Ba6 15. f3 Rac8 16. Bg5 h6 17. Bxf6 gxf6 18. Rd5 c5 19. Ba2 Rfd8 20. Rxd8+ Rxd8 21. Ne3 c4 22. Bxc4 Bc5 23. Bxa6 Bxe3+ 24. Kh1 Rd2 25. b3 Rxc2 26. Rd1 Kf8 27. Bb7 h5 28. g3 Ke7 29. Bd5 Rf2 30. Bc4 Bd4 31. Rf1 Rc2 32. Bd5 Rd2 33. f4 Bc3 34. Rf3 Bd4 35. fxe5 Bxe5 36. h4 Rc2 1/2-1/2

[Event "Bundesliga 2023-24"]
[Site "GER"]
[Date "2024.01.13"]
[Round "5.8"]
[White "Vincent Keymer"]
[Black "David Shengelia"]
[Result "1/2-1/2"]
[EventDate "2023.10.21"]
[WhiteElo "2717"]
[BlackElo "2494"]
[PlyCount "98"]

1. d4 Nf6 2. c4 e6 3. Nf3 b6 4. g3 Bb7 5. Bg2 Be7 6. O-O O-O 7. Re1 h6 8. h4 Na6 9. Nc3 Ne4 10. Bf4 Nxc3 11. bxc3 Be4 12. Bf1 g5 13. hxg5 hxg5 14. Bc1 Kg7 15. Nd2 Bg6 16. Bg2 c6 17. e4 d6 18. Qa4 Nb8 19. Nf3 Rh8 20. e5 d5 21. cxd5 b5 22. Qd1 cxd5 23. Qd2 b4 24. cxb4 Nc6 25. a3 Qb6 26. Bb2 a5 27. Bc3 axb4 28. axb4 Nxb4 29. Rab1 Bxb1 30. Rxb1 Ra2 31. Qxa2 Nxa2 32. Rxb6 Nxc3 33. Rb7 g4 34. Ne1 Bg5 35. Bf1 Ra8 36. Rc7 Ra1 37. Nc2 Nb5 38. Nxa1 Nxc7 39. Be2 Bd2 40. Nc2 Bc3 41. Kf1 f6 42. exf6+ Kxf6 43. Ne3 Bxd4 44. Nxg4+ Ke7 45. f4 Na8 46. Nh2 Nb6 47. Nf3 Bg7 48. Bd3 e5 49. fxe5 1/2-1/2

[Event "World Blitz 2023"]
[Site "Samarkand UZB"]
[Date "2023.12.30"]
[Round "12.14"]
[White "Vincent Keymer"]
[Black "Ilia Iljiushenok"]
[Result "0-1"]
[EventDate "2023.12.29"]
[WhiteElo "2629"]
[BlackElo "2479"]
[PlyCount "58"]

1. Nf3 d5 2. e3 Nf6 3. c4 e6 4. Nc3 Bd6 5. b3 O-O 6. Bb2 c5 7. g4 Nc6 8. g5 Ne4 9. h4 Nxc3 10. dxc3 Ne5 11. Nxe5 Bxe5 12. Qc2 f5 13. O-O-O Qa5 14. cxd5 Qxa2 15. d6 Rd8 16. Bc4 b5 17. Bxb5 Bb7 18. Rhe1 Rab8 19. d7 Be4 20. Bd3 Rxb3 21. Bxe4 fxe4 22. Re2 a5 23. Qxe4 Bxc3 24. Qxe6+ Kf8 25. Qf5+ Kg8 26. Qd5+ Kh8 27. Rdd2 Bxb2+ 28. Rxb2 Rc3+ 29. Kd2 Qxb2+ 0-1

[Event "World Blitz 2023"]
[Site "Samarkand UZB"]
[Date "2023.12.30"]
[Round "13.25"]
[White "Liam Vrolijk"]
[Black "Vincent Keymer"]
[Result "0-1"]
[EventDate "2023.12.29"]
[WhiteElo "2487"]
[BlackElo "2629"]
[PlyCount "64"]

1. e4 e5 2. Nf3 Nc6 3. Bb5 a6 4. Ba4 Nf6 5. O-O Be7 6. Re1 b5 7. Bb3 O-O 8. a4 b4 9. d4 d6 10. dxe5 Nxe5 11. Nxe5 dxe5 12. Qe2 Bc5 13. Be3 Bd4 14. Bxd4 Qxd4 15. Rd1 Qc5 16. h3 Bb7 17. Nd2 Rad8 18. Bc4 a5 19. Nb3 Qb6 20. Rxd8 Rxd8 21. Rd1 Rd6 22. Rxd6 cxd6 23. Nd2 Qd4 24. Bd3 Qxb2 25. Nc4 Qa1+ 26. Kh2 Qxa4 27. Nxd6 Qd7 28. Nc4 Qc7 29. Qe3 Bxe4 30. Bxe4 Qxc4 31. Qa7 g6 32. Bd3 Qf4+ 0-1

[Event "World Blitz 2023"]
[Site "Samarkand UZB"]
[Date "2023.12.30"]
[Round "14.16"]
[White "Vincent Keymer"]
[Black "Kazybek Nogerbek"]
[Result "1/2-1/2"]
[EventDate "2023.12.29"]
[WhiteElo "2629"]
[BlackElo "2488"]
[PlyCount "160"]

1. Nf3 d5 2. e3 Nf6 3. c4 e6 4. Nc3 Be7 5. b3 O-O 6. Bb2 c5 7. d4 cxd4 8. Nxd4 dxc4 9. Bxc4 Bd7 10. O-O Nc6 11. Nf3 a6 12. Qb1 Qa5 13. Ne4 Nxe4 14. Qxe4 Rfd8 15. h3 Qf5 16. Qxf5 exf5 17. Bd5 Rac8 18. Rac1 b5 19. Ne5 Nxe5 20. Bxe5 Be6 21. Bb7 Rxc1 22. Rxc1 a5 23. Rc2 Rd1+ 24. Kh2 Bd6 25. Bxd6 Rxd6 26. Bc6 b4 27. Rc5 g6 28. Kg3 Kg7 29. h4 Kf6 30. Ba4 Rd5 31. Rc2 h6 32. Kf3 Rd1 33. Bc6 Ra1 34. Ke2 Ke5 35. g3 Kd6 36. Ba4 Bd5 37. Rd2 Ke5 38. Rc2 Kd6 39. Rd2 Ke6 40. Rc2 Be4 41. Rd2 Bb1 42. Kd1 Bxa2+ 43. Kc2 Bb1+ 44. Kb2 Ra2+ 45. Kc1 Rxd2 46. Kxd2 Be4 47. Bb5 Kd6 48. Be8 Ke7 49. Bb5 g5 50. hxg5 hxg5 51. Ba6 Kd6 52. Bb5 Bd5 53. Kc2 g4 54. Ba6 Ke5 55. Bf1 Be4+ 56. Kd2 Kd6 57. Bb5 Kc5 58. Be8 Bd5 59. Kc2 Be6 60. Ba4 Kd6 61. Bb5 Bd7 62. Bc4 f6 63. Bd3 Kc5 64. Ba6 a4 65. bxa4 Bxa4+ 66. Kd2 Bc6 67. Bc8 Be4 68. Ba6 Kb6 69. Bc4 Ka5 70. Kc1 Kb6 71. Kd2 Kc5 72. Ba6 Kd6 73. Bc4 Bd5 74. Bf1 Ke5 75. Kc2 Be6 76. Bd3 Bd5 77. Bf1 Kd6 78. Kd2 Kc5 79. Bd3 Be4 80. Ba6 1/2-1/2

[Event "World Blitz 2023"]
[Site "Samarkand UZB"]
[Date "2023.12.30"]
[Round "15.15"]
[White "Vincent Keymer"]
[Black "Nikita Petrov"]
[Result "0-1"]
[EventDate "2023.12.29"]
[WhiteElo "2629"]
[BlackElo "2521"]
[PlyCount "84"]

1. Nf3 d5 2. e3 Nf6 3. c4 e6 4. Nc3 Bd6 5. b3 O-O 6. Bb2 Re8 7. Nb5 Bf8 8. Bxf6 gxf6 9. cxd5 c6 10. dxc6 Nxc6 11. Be2 f5 12. O-O e5 13. Rc1 Bg7 14. d3 Be6 15. Nc3 Qa5 16. Ng5 Rad8 17. Nxe6 fxe6 18. Qc2 Rc8 19. Qb2 e4 20. d4 Nxd4 21. exd4 Bxd4 22. b4 Qe5 23. Qb3 Rxc3 24. Rxc3 Bxc3 25. Rd1 Bd4 26. Qc4 Bb6 27. g3 Re7 28. Qb3 Kg7 29. Kg2 Rc7 30. a4 a6 31. a5 Ba7 32. Qa2 Kf6 33. Qb3 Ke7 34. Qa3 Rc3 35. Qa2 f4 36. Bg4 f3+ 37. Kh1 Qd5 38. Qa4 Rd3 39. Rc1 Bxf2 40. h4 Bxg3 41. h5 Bf4 42. Rf1 Rd2 0-1

[Event "World Blitz 2023"]
[Site "Samarkand UZB"]
[Date "2023.12.30"]
[Round "16.24"]
[White "Cem Kaan Gokerkan"]
[Black "Vincent Keymer"]
[Result "1/2-1/2"]
[EventDate "2023.12.29"]
[WhiteElo "2365"]
[BlackElo "2629"]
[PlyCount "74"]

1. e4 e5 2. Nf3 Nc6 3. Bc4 Nf6 4. Ng5 d5 5. exd5 Na5 6. Bb5+ c6 7. dxc6 bxc6 8. Bd3 Nd5 9. Nf3 Bd6 10. O-O O-O 11. Re1 f5 12. Nxe5 Qf6 13. Nf3 g5 14. c4 Nf4 15. Bf1 g4 16. d4 gxf3 17. Qxf3 Ne6 18. Qc3 Qh4 19. h3 Nxd4 20. Qxa5 c5 21. Nc3 f4 22. Re4 Nf3+ 23. gxf3 Bxh3 24. Bxh3 Qxh3 25. Ne2 Qxf3 26. Bxf4 Qxe4 27. Bxd6 Qxe2 28. Bxf8 Qg4+ 29. Kh1 Qh3+ 30. Kg1 Rxf8 31. Qxc5 Rf6 32. Qd5+ Kg7 33. Qe5 Kf7 34. Qd5+ Kf8 35. Qc5+ Kf7 36. Qd5+ Kf8 37. Qc5+ Kf7 1/2-1/2

[Event "World Blitz 2023"]
[Site "Samarkand UZB"]
[Date "2023.12.30"]
[Round "17.28"]
[White "Vincent Keymer"]
[Black "Khumoyun Begmuratov"]
[Result "1-0"]
[EventDate "2023.12.29"]
[WhiteElo "2629"]
[BlackElo "2276"]
[PlyCount "96"]

1. Nf3 Nf6 2. c4 e6 3. Nc3 d5 4. e3 b6 5. cxd5 Nxd5 6. d4 Nxc3 7. bxc3 Bb7 8. Bb5+ c6 9. Bd3 Be7 10. O-O O-O 11. e4 c5 12. Qe2 cxd4 13. cxd4 Nc6 14. Bb2 Rc8 15. a3 Bf6 16. Rad1 g6 17. Bb5 Qe7 18. h4 Rfd8 19. h5 Bg7 20. Rfe1 Na5 21. Nh2 Bc6 22. Bxc6 Nxc6 23. Qe3 e5 24. d5 Nd4 25. Bxd4 exd4 26. Qd2 Rc3 27. h6 Bh8 28. Nf3 d3 29. e5 Rxa3 30. d6 Qd7 31. Re3 Ra4 32. Qxd3 Rg4 33. Qd5 Qe6 34. Qxe6 fxe6 35. Rc1 Rf4 36. Rc7 Rff8 37. Rxa7 Rc8 38. g3 Rc2 39. Rb7 g5 40. g4 Rf4 41. Rb8+ Kf7 42. Nxg5+ Kg6 43. Rg8+ Bg7 44. Rxg7+ Kxh6 45. Nxe6 Rc1+ 46. Kg2 Rxf2+ 47. Kxf2 Rf1+ 48. Kxf1 1-0

[Event "World Blitz 2023"]
[Site "Samarkand UZB"]
[Date "2023.12.30"]
[Round "18.17"]
[White "Velimir Ivic"]
[Black "Vincent Keymer"]
[Result "0-1"]
[EventDate "2023.12.29"]
[WhiteElo "2542"]
[BlackElo "2629"]
[PlyCount "98"]

1. e4 e5 2. Nf3 Nc6 3. Bb5 a6 4. Ba4 Nf6 5. O-O Be7 6. d3 b5 7. Bb3 d6 8. c3 O-O 9. h3 Be6 10. Bxe6 fxe6 11. a4 b4 12. a5 Rb8 13. Nbd2 d5 14. Re1 Qd6 15. Qe2 Nd7 16. d4 Bf6 17. dxe5 Ncxe5 18. Nxe5 Nxe5 19. f4 Ng6 20. Nf3 bxc3 21. e5 cxb2 22. Bxb2 Nxf4 23. Qe3 Nxg2 24. exd6 Nxe3 25. dxc7 Rxb2 26. Rxe3 Rc2 27. Rae1 Rxc7 28. Rxe6 Bc3 29. R1e3 Bxa5 30. Rxa6 Bb4 31. Rd3 Rc3 32. Rxc3 Bxc3 33. Kg2 Bf6 34. Kg3 Rd8 35. Kf4 Kf7 36. Kf5 Rd7 37. Ra3 g6+ 38. Kf4 d4 39. Ke4 Re7+ 40. Kf4 h6 41. h4 Bxh4 42. Nxh4 g5+ 43. Kf5 gxh4 44. Rd3 Rd7 45. Rf3 d3 46. Ke4+ Kg6 47. Rf1 d2 48. Rd1 h3 49. Kf3 Kf5 0-1

[Event "World Blitz 2023"]
[Site "Samarkand UZB"]
[Date "2023.12.30"]
[Round "19.9"]
[White "Vincent Keymer"]
[Black "B Adhiban"]
[Result "1-0"]
[EventDate "2023.12.29"]
[WhiteElo "2629"]
[BlackElo "2576"]
[PlyCount "92"]

1. Nf3 c5 2. c4 g6 3. e4 Nc6 4. d4 cxd4 5. Nxd4 Nf6 6. Nc3 Nxd4 7. Qxd4 d6 8. Be2 Bg7 9. O-O O-O 10. Qd3 a5 11. Be3 a4 12. f4 Qa5 13. Rac1 Bd7 14. Kh1 Bc6 15. Bd4 Rfd8 16. Qe3 Nd7 17. Bxg7 Kxg7 18. Rfd1 Qc5 19. Qd2 Nf6 20. Qd3 e5 21. f5 gxf5 22. exf5 Kh8 23. Bf3 Rac8 24. Bxc6 Qxc6 25. Nd5 Nxd5 26. Qxd5 Qxd5 27. Rxd5 Kg7 28. g4 Kf6 29. Kg2 h5 30. h3 hxg4 31. hxg4 Rc5 32. Kf3 Rxd5 33. cxd5 Rh8 34. Kg3 Kg5 35. Rc7 Rh4 36. Rxf7 Rxg4+ 37. Kf3 Rf4+ 38. Ke3 b5 39. Rd7 Kxf5 40. Rxd6 Re4+ 41. Kd3 Rd4+ 42. Ke3 Rb4 43. Rd8 Rxb2 44. Rf8+ Kg6 45. d6 Kg7 46. Re8 1-0

[Event "World Blitz 2023"]
[Site "Samarkand UZB"]
[Date "2023.12.30"]
[Round "21.18"]
[White "Vincent Keymer"]
[Black "Arseniy Nesterov"]
[Result "1-0"]
[EventDate "2023.12.29"]
[WhiteElo "2738"]
[BlackElo "2584"]
[PlyCount "62"]

1. Nf3 d5 2. e3 Nf6 3. c4 e6 4. Nc3 Be7 5. b3 b6 6. Bb2 Bb7 7. cxd5 exd5 8. d4 O-O 9. Bd3 Nbd7 10. O-O Ne4 11. Qc2 Nxc3 12. Bxc3 h6 13. b4 a6 14. a4 Bd6 15. b5 axb5 16. axb5 Qe7 17. h3 Rfe8 18. Qb3 Nf6 19. Rfc1 Ne4 20. Be1 Ng5 21. Nxg5 hxg5 22. Be2 g6 23. Bf3 Qe6 24. Bb4 Kg7 25. Bxd6 Qxd6 26. Qc3 Rxa1 27. Rxa1 Bc8 28. Ra8 Rf8 29. Ra7 Bd7 30. Qxc7 Qe6 31. Qxd7 1-0

[Event "World Blitz 2023"]
[Site "Samarkand UZB"]
[Date "2023.12.29"]
[Round "1.16"]
[White "Ramazan Zhalmakhanov"]
[Black "Vincent Keymer"]
[Result "0-1"]
[EventDate "2023.12.29"]
[WhiteElo "2427"]
[BlackElo "2629"]
[PlyCount "110"]

1. e4 e5 2. Nf3 Nc6 3. Bb5 a6 4. Ba4 Nf6 5. O-O Be7 6. Re1 b5 7. Bb3 O-O 8. a4 b4 9. d3 Rb8 10. Nbd2 Bc5 11. Nc4 d6 12. a5 h6 13. Be3 Bxe3 14. fxe3 Be6 15. Rf1 Kh8 16. Qe1 Ne7 17. Nh4 Nh7 18. Qg3 Qd7 19. Rf2 g5 20. Nf5 Nxf5 21. exf5 Bxc4 22. Bxc4 Nf6 23. Bxa6 Kg7 24. Bc4 d5 25. Bb3 Qd6 26. Rff1 Ra8 27. h4 g4 28. d4 Rfe8 29. Rad1 Rxa5 30. h5 c6 31. Kh1 Ra7 32. Rde1 Rd7 33. Qh4 Rde7 34. Ra1 Kh7 35. Rad1 exd4 36. exd4 Re2 37. Kg1 R2e4 38. c3 g3 39. Qh3 bxc3 40. bxc3 Re3 41. Bc2 Rxc3 42. Bb1 c5 43. Qh4 cxd4 44. Qxd4 Qc5 45. Qxc5 Rxc5 46. Rf3 Rg8 47. Re1 Rg4 48. Rd1 Kg7 49. Kf1 Nxh5 50. Ke2 Nf6 51. Rdd3 Rc1 52. Rd1 Rxd1 53. Kxd1 h5 54. Ke2 h4 55. Ke3 h3 0-1

[Event "World Blitz 2023"]
[Site "Samarkand UZB"]
[Date "2023.12.29"]
[Round "2.22"]
[White "Vincent Keymer"]
[Black "Vladislav Kovalev"]
[Result "1/2-1/2"]
[EventDate "2023.12.29"]
[WhiteElo "2629"]
[BlackElo "2539"]
[PlyCount "78"]

1. Nf3 Nf6 2. c4 e6 3. Nc3 d5 4. e3 a6 5. b3 Be7 6. Bb2 O-O 7. d4 c5 8. dxc5 Bxc5 9. cxd5 exd5 10. Be2 Nc6 11. O-O Re8 12. Rc1 Ba7 13. Na4 Ne4 14. Nd4 Bd7 15. Nxc6 Bxc6 16. Bf3 Ng5 17. Be2 d4 18. Bxd4 Bxd4 19. exd4 Qd5 20. f3 Rad8 21. Nc3 Qxd4+ 22. Qxd4 Rxd4 23. Rfd1 Ne6 24. Bc4 Rxd1+ 25. Rxd1 Kf8 26. Kf2 Ke7 27. Re1 Kd6 28. h4 f6 29. Rd1+ Kc7 30. Bd5 Nd8 31. Be4 Bxe4 32. Nxe4 Nc6 33. h5 f5 34. Ng3 g6 35. hxg6 hxg6 36. Ne2 g5 37. Ng3 Re5 38. Rd2 b5 39. Ne2 1/2-1/2

[Event "World Blitz 2023"]
[Site "Samarkand UZB"]
[Date "2023.12.29"]
[Round "3.3"]
[White "Aleksandr Rakhmanov"]
[Black "Vincent Keymer"]
[Result "1-0"]
[EventDate "2023.12.29"]
[WhiteElo "2521"]
[BlackElo "2629"]
[PlyCount "92"]

1. c4 Nf6 2. d4 e6 3. Nc3 Bb4 4. e3 O-O 5. Nf3 d6 6. Bd2 Nc6 7. Qc2 e5 8. dxe5 Nxe5 9. Be2 a5 10. h3 Be6 11. b3 c6 12. Nd4 Bd7 13. O-O Bc5 14. Rad1 Re8 15. Bc1 Ng6 16. Na4 Ne4 17. Nxc5 dxc5 18. Nf3 Qe7 19. Bb2 Rad8 20. Nd2 Bf5 21. Nxe4 Bxe4 22. Qc3 f6 23. Rxd8 Qxd8 24. Rd1 Qc7 25. Qd2 Bf5 26. Ba3 b6 27. Bb2 Ne7 28. Bf3 Kf7 29. g4 Be6 30. Qc2 Ng6 31. Bg2 h6 32. f4 Ne7 33. Qd2 Bc8 34. f5 h5 35. e4 hxg4 36. hxg4 Rh8 37. Qd6 Qxd6 38. Rxd6 Rh4 39. Bf3 Rh8 40. e5 fxe5 41. Bxe5 Re8 42. Bf4 Rh8 43. Kg2 Re8 44. Bg3 Ng8 45. Rxc6 Bd7 46. Bd5+ 1-0